[Event "Sitges Sunway op 10th"]
[Site "Sitges"]
[Date "2023.12.16"]
[Round "5"]
[White "Samaganova, Alexandra"]
[Black "Maloberti, David"]
[Result "1-0"]
[WhiteElo "1827"]
[BlackElo "2005"]
[PlyCount "93"]
[EventDate "2023.12.12"]
[EventType "swiss"]
[EventRounds "10"]
[EventCountry "ESP"]
[SourceTitle "CB52_2023"]
[SourceDate "2023.12.27"]
[SourceVersion "1"]
[SourceVersionDate "2023.12.27"]
[SourceQuality "1"]

1. c4 f5 2. Nc3 Nf6 3. g3 d6 4. Bg2 Nc6 5. d3 e6 6. e4 fxe4 7. dxe4 Be7 8. Nge2 e5 9. h3 Be6 10. Nd5 Qd7 11. Be3 Bd8 12. Qd2 0-0 13. Nec3 Ne7 14. Rd1 Nexd5 15. cxd5 Bf7 16. 0-0 Bh5 17. Rc1 Bg6 18. Qe2 a6 19. Qc4 Nh5 20. Ne2 Qb5 21. Qc2 Rc8 22. Kh2 c5 23. dxc6 Rxc6 24. Nc3 Qc4 25. Qd2 Nf6 26. Rfd1 Ba5 27. f3 Rfc8 28. h4 Bxc3 29. bxc3 Bf7 30. Rc2 b5 31. Rb1 Qa4 32. Bg5 Nd7 33. Bh3 R8c7 34. Bd8 Rb7 35. Rb4 Qa3 36. c4 Qxf3 37. cxb5 Rxc2 38. Qxc2 Nc5 39. b6 a5 40. Bg2 Qe3 41. Rb5 h6 42. Bc7 Be8 43. Rxa5 Bc6 44. Bxd6 Nxe4 45. Ra8+ Kh7 46. Ra3 Qd4 47. Bc5 1-0

[Event "Altea Cap Negret op 50+ 1st"]
[Site "Altea"]
[Date "2023.11.18"]
[Round "8"]
[White "Lopez de Turiso, Jose Angel"]
[Black "Maloberti, David"]
[Result "1-0"]
[WhiteElo "1845"]
[BlackElo "2027"]
[PlyCount "97"]
[EventDate "2023.11.12"]
[EventType "swiss"]
[EventRounds "8"]
[EventCountry "ESP"]
[SourceTitle "CB49_2023"]
[SourceDate "2023.12.06"]
[SourceVersion "1"]
[SourceVersionDate "2023.12.06"]
[SourceQuality "1"]

1. c4 Nf6 2. Nc3 g6 3. e4 d6 4. g3 Bg7 5. Bg2 0-0 6. Nge2 e5 7. 0-0 Be6 8. d3 Qd7 9. f4 Nc6 10. Nd5 Ne8 11. Rb1 a5 12. b3 exf4 13. gxf4 Bg4 14. Qd2 Nd4 15. Nxd4 Bxd4+ 16. Kh1 c6 17. Ne3 Bh3 18. Bb2 Bxg2+ 19. Kxg2 Bxb2 20. Qxb2 Qe7 21. Rf3 Nf6 22. Rbf1 Nd7 23. Nf5 Qf6 24. Qxf6 Nxf6 25. Nxd6 b6 26. e5 Nh5 27. d4 Ra7 28. f5 Re7 29. f6 Rd7 30. d5 cxd5 31. cxd5 g5 32. Rf5 h6 33. Kf3 Kh7 34. Rg1 Nf4 35. Ke4 a4 36. h4 Ne2 37. Rg2 Nc3+ 38. Kd4 Kg6 39. Rf3 Rxd6 40. Rxc3 Rd7 41. Ke4 axb3 42. axb3 Rfd8 43. d6 Ra7 44. hxg5 h5 45. Rc7 Ra1 46. Rd2 Re1+ 47. Kd5 h4 48. d7 Kxg5 49. Kd6 1-0

[Event "Altea Cap Negret op 50+ 1st"]
[Site "Altea"]
[Date "2023.11.14"]
[Round "3"]
[White "Cemborain Oricain, Alfonso"]
[Black "Maloberti, David"]
[Result "1/2-1/2"]
[WhiteElo "1894"]
[BlackElo "2027"]
[PlyCount "112"]
[EventDate "2023.11.12"]
[EventType "swiss"]
[EventRounds "8"]
[EventCountry "ESP"]
[SourceTitle "CB49_2023"]
[SourceDate "2023.12.06"]
[SourceVersion "1"]
[SourceVersionDate "2023.12.06"]
[SourceQuality "1"]

1. Nf3 Nf6 2. b3 g6 3. Bb2 Bg7 4. e3 d5 5. c4 c6 6. Be2 0-0 7. 0-0 Nbd7 8. d4 Ne4 9. Nc3 Ndf6 10. Ne5 Nxc3 11. Bxc3 Ne4 12. Bb2 f6 13. Nd3 Be6 14. cxd5 cxd5 15. f3 Nd6 16. Nf2 f5 17. Qd2 Qb6 18. Rac1 Rfc8 19. Nd3 Bh6 20. Rc5 Qd8 21. Rfc1 b6 22. R5c2 Rxc2 23. Rxc2 Rc8 24. Rxc8 Bxc8 25. Ne5 f4 26. exf4 Qf8 27. g3 Qf5 28. Bd3 Qh5 29. Qf2 Bg7 30. Nc6 Kf7 31. Qe3 Bf6 32. g4 Bxg4 33. fxg4 Qxg4+ 34. Qg3 Qd1+ 35. Bf1 Ne4 36. Qh3 Qd2 37. Ba3 Bxd4+ 38. Nxd4 Qxd4+ 39. Kg2 Qf2+ 40. Kh1 h5 41. f5 gxf5 42. Qxh5+ Kg7 43. Qh3 e5 44. Bc1 f4 45. Qg4+ Kf6 46. Qh3 Kg5 47. Ba3 Kg6 48. Qe6+ Nf6 49. Qh3 e4 50. Be7 f3 51. Bxf6 Kxf6 52. Qh6+ Ke5 53. Qg7+ Kd6 54. Qf8+ Ke5 55. Qg7+ Kd6 56. Qf8+ Ke5 1/2-1/2

[Event "Isola del Sole op"]
[Site "Grado"]
[Date "2023.09.30"]
[Round "9"]
[White "Maloberti, David"]
[Black "Sedina, Elena"]
[Result "1/2-1/2"]
[WhiteElo "2044"]
[BlackElo "2182"]
[PlyCount "101"]
[EventDate "2023.09.23"]
[EventType "swiss"]
[EventRounds "9"]
[EventCountry "ITA"]
[SourceTitle "EXT 2024"]
[Source "ChessBase"]
[SourceDate "2023.10.10"]
[SourceVersion "1"]
[SourceVersionDate "2023.10.10"]
[SourceQuality "1"]

1. d4 d5 2. c4 c6 3. Nf3 Nf6 4. e3 Bf5 5. Nc3 e6 6. Bd3 Bxd3 7. Qxd3 Nbd7 8. 0-0 Bb4 9. a3 Bxc3 10. bxc3 Qa5 11. cxd5 cxd5 12. a4 0-0 13. Ba3 Rfe8 14. Bb4 Qc7 15. a5 Ne4 16. Rfc1 Rac8 17. c4 Qc6 18. c5 f5 19. Be1 Rf8 20. Rcb1 Qc7 21. Nd2 Rf7 22. f3 Nxd2 23. Qxd2 g5 24. e4 dxe4 25. fxe4 f4 26. Bf2 Nf6 27. Qd3 Ng4 28. a6 bxa6 29. Rxa6 e5 30. c6 Nxf2 31. Kxf2 exd4 32. Rb7 Qe5 33. Qb3 Rcc7 34. Raxa7 d3 35. Rxc7 Qc5+ 36. Kf3 Qe3+ 37. Kg4 Qe2+ 38. Kxg5 Qxg2+ 39. Kh4 Qxh2+ 40. Kg4 Qg1+ 41. Kh4 Qe1+ 42. Kg4 Qg3+ 43. Kh5 Qh3+ 44. Kg5 h6+ 45. Kg6 Qg3+ 46. Kxh6 Qh4+ 47. Kg6 Qg4+ 48. Kh6 Qg7+ 49. Kh5 Qh7+ 50. Kg5 Qg7+ 51. Kh5 1/2-1/2

[Event "South Wales op 18th"]
[Site "Bridgend"]
[Date "2023.07.11"]
[Round "7"]
[White "Robinson, David"]
[Black "Maloberti, David"]
[Result "0-1"]
[WhiteElo "1845"]
[BlackElo "2064"]
[PlyCount "98"]
[EventDate "2023.07.07"]
[EventType "swiss"]
[EventRounds "9"]
[EventCountry "WLS"]
[SourceTitle "CBM 215 Extra"]
[Source "ChessBase"]
[SourceDate "2023.09.30"]
[SourceVersion "1"]
[SourceVersionDate "2023.09.30"]
[SourceQuality "1"]

1. d4 Nf6 2. Nf3 g6 3. Bf4 Bg7 4. e3 0-0 5. Be2 d6 6. 0-0 Nc6 7. h3 Nd7 8. c4 e5 9. Bh2 exd4 10. exd4 Qf6 11. Nc3 Nxd4 12. Nd5 Nxf3+ 13. Bxf3 Qd8 14. Rb1 Ne5 15. Be2 c6 16. Ne3 f5 17. f4 Nf7 18. Bf3 Qb6 19. Qd3 Re8 20. Rfe1 Bd4 21. Kf2 Bd7 22. Bg1 g5 23. g3 gxf4 24. gxf4 Re6 25. b4 Rae8 26. c5 dxc5 27. Kg2 Rg6+ 28. Kh1 Qc7 29. Nxf5 Rxe1 30. Rxe1 Bxf5 31. Qxf5 Nd6 32. Qd3 Rxg1+ 33. Rxg1+ Bxg1 34. Kxg1 c4 35. Qe3 Qg7+ 36. Kh2 Qf6 37. Bd1 Qf5 38. Qg3+ Kf8 39. Qh4 Nf7 40. Qf2 Qb1 41. Qc5+ Ke8 42. Bh5 Qxa2+ 43. Kg3 Qb3+ 44. Kh4 Qc3 45. Qd6 Qe1+ 46. Kg4 Qe2+ 47. Kg3 Qxh5 48. Qb8+ Nd8 49. Qe5+ Qxe5 0-1

[Event "South Wales op 18th"]
[Site "Bridgend"]
[Date "2023.07.10"]
[Round "6"]
[White "Maloberti, David"]
[Black "Fowler, Hugo"]
[Result "0-1"]
[WhiteElo "2064"]
[BlackElo "1930"]
[PlyCount "92"]
[EventDate "2023.07.07"]
[EventType "swiss"]
[EventRounds "9"]
[EventCountry "WLS"]
[SourceTitle "CBM 215 Extra"]
[Source "ChessBase"]
[SourceDate "2023.09.30"]
[SourceVersion "1"]
[SourceVersionDate "2023.09.30"]
[SourceQuality "1"]

1. d4 d5 2. c4 dxc4 3. Nf3 Nf6 4. e3 c5 5. Bxc4 cxd4 6. exd4 e6 7. 0-0 Be7 8. Nc3 0-0 9. Bg5 h6 10. Bh4 Nc6 11. Qd2 b6 12. Rad1 Bb7 13. a3 Rc8 14. Ba2 Na5 15. Ne5 Ne4 16. Nxe4 Bxe4 17. Qf4 Bd5 18. Bxe7 Qxe7 19. Bxd5 exd5 20. Rd3 Nc4 21. Rg3 Nxe5 22. Qxe5 Qxe5 23. dxe5 Rc2 24. b3 Rfc8 25. Rd3 R2c3 26. Rxc3 Rxc3 27. Rb1 Kf8 28. Kf1 Ke7 29. Rb2 g5 30. Ke2 Ke6 31. Kd2 d4 32. Rb1 Kd5 33. Rb2 Kxe5 34. Rb1 Kd6 35. Rb2 a5 36. Rb1 f5 37. Rb2 Kd5 38. Rb1 h5 39. h3 b5 40. a4 b4 41. g4 fxg4 42. hxg4 h4 43. f4 gxf4 44. Rh1 h3 45. g5 Ke5 46. g6 Kf6 0-1

[Event "Sitges Sunway op 9th"]
[Site "Sitges"]
[Date "2022.12.16"]
[Round "5"]
[White "Maloberti, David"]
[Black "Kostov, Deyan Samuil"]
[Result "0-1"]
[WhiteElo "2050"]
[BlackElo "2260"]
[PlyCount "122"]
[EventDate "2022.12.12"]
[EventType "swiss"]
[EventRounds "10"]
[EventCountry "ESP"]
[SourceTitle "CBM 211 Extra"]
[Source "ChessBase"]
[SourceDate "2023.01.31"]
[SourceVersion "1"]
[SourceVersionDate "2023.01.31"]
[SourceQuality "1"]

1. d4 d5 2. c4 dxc4 3. Nf3 Nf6 4. e3 e6 5. Bxc4 a6 6. a4 c5 7. 0-0 Nc6 8. Nc3 Qc7 9. d5 Na5 10. Ba2 e5 11. e4 h6 12. Be3 Bd6 13. Rc1 Qe7 14. Nd2 Ng4 15. Qf3 0-0 16. h3 Nxe3 17. Qxe3 Kh7 18. Nc4 Nxc4 19. Bxc4 b6 20. Bd3 g6 21. Nb1 Bd7 22. Qe2 f5 23. Nd2 f4 24. Bxa6 f3 25. Nxf3 Rxf3 26. Qxf3 Rxa6 27. b3 Ra8 28. Kh2 Kg7 29. Rc3 Qf6 30. Qxf6+ Kxf6 31. g3 g5 32. h4 b5 33. axb5 Bxb5 34. Re1 g4 35. Rc2 Ra3 36. Re3 h5 37. Rec3 Ra1 38. Re3 Ra3 39. Rec3 Ke7 40. Kg2 Ra1 41. Re3 Rd1 42. f3 Bf1+ 43. Kf2 c4 44. Re1 Bd3 45. Rxc4 Rd2+ 46. Ke3 Bxc4 47. Kxd2 Bb4+ 48. Ke3 Bxe1 49. bxc4 Kd6 50. fxg4 hxg4 51. h5 Bxg3 52. Ke2 Bf4 53. Kf2 Kc5 54. Kg2 Kb6 55. Kf2 Kc5 56. Kg2 Kd6 57. Kf2 g3+ 58. Kf3 Kc5 59. h6 Bxh6 60. Kxg3 Bf8 61. Kg4 Kxc4 0-1

[Event "Seville op 47th"]
[Site "Seville"]
[Date "2022.07.23"]
[Round "9"]
[White "Martin Carmona, Gaston Manuel"]
[Black "Maloberti, David"]
[Result "1-0"]
[WhiteElo "2302"]
[BlackElo "2065"]
[PlyCount "71"]
[EventDate "2022.07.16"]
[EventType "swiss"]
[EventRounds "9"]
[EventCountry "ESP"]
[SourceTitle "CBM 209 Extra"]
[Source "ChessBase"]
[SourceDate "2022.09.30"]
[SourceVersion "1"]
[SourceVersionDate "2022.09.30"]
[SourceQuality "1"]

1. d4 Nf6 2. Nf3 g6 3. c4 Bg7 4. g3 0-0 5. Bg2 d6 6. Nc3 Nc6 7. 0-0 e5 8. d5 Ne7 9. e4 Ne8 10. Ne1 f5 11. Nd3 Nf6 12. Bg5 h6 13. Bxf6 Bxf6 14. f4 Bg7 15. fxe5 dxe5 16. Qd2 fxe4 17. Rxf8+ Bxf8 18. Nxe4 Bg7 19. Re1 Bf5 20. Nc3 Bxd3 21. Qxd3 Nf5 22. Ne4 Qe7 23. a3 Rd8 24. b4 Kh8 25. c5 b6 26. h4 h5 27. Bh3 Qd7 28. d6 bxc5 29. bxc5 Qc6 30. Rd1 Bh6 31. Qf3 Be3+ 32. Kh2 Bxc5 33. Bxf5 Rf8 34. Bd7 Qa8 35. Qf5 Rf7 36. Qxf7 1-0

[Event "Malaga op 15th"]
[Site "Malaga"]
[Date "2021.11.01"]
[Round "7"]
[White "Perez Guerra, Alberto"]
[Black "Maloberti, David"]
[Result "1-0"]
[WhiteElo "1956"]
[BlackElo "2046"]
[PlyCount "55"]
[EventDate "2021.10.29"]
[EventType "swiss"]
[EventRounds "7"]
[EventCountry "ESP"]
[SourceTitle "CBM 204 Extra"]
[Source "ChessBase"]
[SourceDate "2021.11.30"]
[SourceVersion "1"]
[SourceVersionDate "2021.11.30"]
[SourceQuality "1"]

1. d4 Nf6 2. c4 g6 3. Nc3 Bg7 4. e4 d6 5. h3 0-0 6. Be3 c5 7. d5 e6 8. Bd3 exd5 9. exd5 Nbd7 10. Nf3 Re8 11. 0-0 Ne5 12. Nxe5 Rxe5 13. Bf4 Re8 14. Qf3 Nh5 15. Bh2 Be5 16. Rfe1 f5 17. Re2 Bd7 18. Rae1 Qf6 19. Bc2 a6 20. Na4 Bxh2+ 21. Kxh2 Rxe2 22. Rxe2 Re8 23. Nb6 Qd8 24. Nxd7 Qxd7 25. Bxf5 gxf5 26. Qxh5 Rxe2 27. Qxe2 Kf7 28. Kg3 1-0

[Event "Cattolica op-A 8th"]
[Site "Cattolica"]
[Date "2021.05.28"]
[Round "2"]
[White "Valette, Christian"]
[Black "Maloberti, David"]
[Result "1/2-1/2"]
[WhiteElo "1965"]
[BlackElo "2084"]
[PlyCount "87"]
[EventDate "2021.05.27"]
[EventType "swiss"]
[EventRounds "9"]
[EventCountry "ITA"]
[SourceTitle "CBM 203 Extra"]
[Source "ChessBase"]
[SourceDate "2021.09.30"]
[SourceVersion "1"]
[SourceVersionDate "2021.09.30"]
[SourceQuality "1"]

1. g3 Nf6 2. Bg2 g6 3. c4 Bg7 4. Nc3 d6 5. e4 0-0 6. Nge2 e5 7. 0-0 Be6 8. d3 Qd7 9. f4 Bh3 10. f5 Bxg2 11. Kxg2 c6 12. Bg5 h6 13. Bxf6 Bxf6 14. g4 Na6 15. Ng1 Kg7 16. Qf3 Nb4 17. Rac1 Bg5 18. f6+ Kh7 19. a3 Bxc1 20. Rxc1 Na6 21. Nh3 Rh8 22. Re1 Nc5 23. Ne2 Qe6 24. Kh1 Rad8 25. Nc3 Nb3 26. Rg1 Nd4 27. Qf2 Kg8 28. Rg3 Qd7 29. Ng1 b5 30. Nge2 Nxe2 31. Qxe2 bxc4 32. dxc4 Qe6 33. Qf1 h5 34. g5 h4 35. Rg2 Rh5 36. Qe2 a5 37. Qd3 Rb8 38. h3 Rb3 39. Kh2 Kh7 40. Qe2 Qd7 41. Qd1 Qb7 42. Kh1 Qb8 43. Kh2 Kg8 44. Kh1 1/2-1/2

[Event "Sitges Sunway 7th"]
[Site "Sitges"]
[Date "2020.12.21"]
[Round "8"]
[White "Maloberti, David"]
[Black "Toncheva, Nadya"]
[Result "0-1"]
[WhiteElo "2076"]
[BlackElo "2321"]
[PlyCount "62"]
[EventDate "2020.12.13"]
[EventType "swiss"]
[EventRounds "10"]
[EventCountry "ESP"]
[SourceTitle "CBM 199 Extra"]
[Source "ChessBase"]
[SourceDate "2021.01.31"]
[SourceVersion "1"]
[SourceVersionDate "2021.01.31"]
[SourceQuality "1"]

1. d4 d5 2. c4 dxc4 3. Nf3 Nf6 4. e3 Bg4 5. Bxc4 e6 6. Qb3 Bxf3 7. gxf3 Qc8 8. e4 c6 9. Rg1 g6 10. Nc3 Bg7 11. e5 Nd5 12. Ne4 0-0 13. Nd6 Qd8 14. Qxb7 Nd7 15. f4 N7b6 16. Qxc6 Qh4 17. Bxd5 Nxd5 18. Qc2 Qxh2 19. Rg3 Qh1+ 20. Kd2 Bh6 21. Ke2 Bxf4 22. Rf3 Qh5 23. Qe4 Bxc1 24. Rxc1 Rab8 25. b3 f6 26. Kd2 fxe5 27. Rxf8+ Rxf8 28. Rc8 Qg5+ 29. Kd3 Rxc8 30. Nxc8 Qc1 31. Nd6 Nf4+ 0-1

[Event "Sitges Sunway 7th"]
[Site "Sitges"]
[Date "2020.12.15"]
[Round "3"]
[White "Garcia Ramos, Daniel"]
[Black "Maloberti, David"]
[Result "1-0"]
[WhiteElo "2380"]
[BlackElo "2076"]
[PlyCount "39"]
[EventDate "2020.12.13"]
[EventType "swiss"]
[EventRounds "10"]
[EventCountry "ESP"]
[SourceTitle "CBM 199 Extra"]
[Source "ChessBase"]
[SourceDate "2021.01.31"]
[SourceVersion "1"]
[SourceVersionDate "2021.01.31"]
[SourceQuality "1"]

1. e4 e6 2. d4 d5 3. Nc3 Bb4 4. e5 c5 5. a3 Bxc3+ 6. bxc3 Ne7 7. h4 Qa5 8. Bd2 Qa4 9. h5 h6 10. Nf3 Nbc6 11. Rh4 c4 12. Be2 Bd7 13. Rf4 Rf8 14. Kf1 0-0-0 15. Nh4 Nf5 16. Nxf5 exf5 17. g4 Ne7 18. gxf5 Nxf5 19. Bg4 g5 20. Rxf5 1-0

[Event "Sitges Sunway 7th"]
[Site "Sitges"]
[Date "2020.12.14"]
[Round "2"]
[White "Maloberti, David"]
[Black "Shatil, Or"]
[Result "1-0"]
[WhiteElo "2076"]
[BlackElo "1811"]
[PlyCount "101"]
[EventDate "2020.12.13"]
[EventType "swiss"]
[EventRounds "10"]
[EventCountry "ESP"]
[SourceTitle "CBM 199 Extra"]
[Source "ChessBase"]
[SourceDate "2021.01.31"]
[SourceVersion "1"]
[SourceVersionDate "2021.01.31"]
[SourceQuality "1"]

1. d4 Nf6 2. c4 c5 3. d5 e6 4. Nc3 exd5 5. cxd5 d6 6. e4 g6 7. Nf3 Bg7 8. Bb5+ Bd7 9. Bxd7+ Nbxd7 10. Bf4 Qc7 11. 0-0 a6 12. Bxd6 Qxd6 13. e5 Nxe5 14. Nxe5 0-0 15. Nc4 Qd8 16. Re1 Re8 17. Rxe8+ Nxe8 18. a4 Nd6 19. Qb3 Nxc4 20. Qxc4 Rc8 21. g3 Qb6 22. b3 Rd8 23. Rd1 Bxc3 24. Qxc3 Qd6 25. h4 h5 26. Qd3 Kg7 27. Kh2 Re8 28. f4 Qe7 29. d6 Qe2+ 30. Qxe2 Rxe2+ 31. Kg1 Re8 32. Rd5 Rd8 33. a5 Rc8 34. f5 Kf6 35. d7 Rd8 36. fxg6 fxg6 37. Rd6+ Kf7 38. Kf2 Ke7 39. Rxg6 Rxd7 40. Rg7+ Ke6 41. Rxd7 Kxd7 42. g4 hxg4 43. Kg3 b5 44. axb6 a5 45. h5 a4 46. bxa4 c4 47. b7 Kc7 48. b8Q+ Kxb8 49. h6 c3 50. h7 c2 51. h8Q+ 1-0

[Event "Prague op"]
[Site "Prague"]
[Date "2020.02.14"]
[Round "1"]
[White "Maloberti, David"]
[Black "Sokolov, Alexander"]
[Result "0-1"]
[WhiteElo "2023"]
[BlackElo "2376"]
[PlyCount "59"]
[EventDate "2020.02.14"]
[EventType "swiss"]
[EventRounds "9"]
[EventCountry "CZE"]
[SourceTitle "CBM 195 Extra"]
[Source "ChessBase"]
[SourceDate "2020.05.31"]
[SourceVersion "1"]
[SourceVersionDate "2020.05.31"]
[SourceQuality "1"]

1. d4 Nf6 2. c4 g6 3. Nc3 Bg7 4. e4 d6 5. Nf3 0-0 6. Be2 e5 7. 0-0 Nbd7 8. Be3 c6 9. Qd2 Re8 10. d5 cxd5 11. cxd5 a6 12. Rac1 Ng4 13. Bg5 f6 14. h3 fxg5 15. hxg4 Nf6 16. Qxg5 Bxg4 17. Rc2 Qe7 18. Qe3 Rf8 19. Rfc1 Rac8 20. Nd1 Rxc2 21. Rxc2 Nh5 22. g3 Qd7 23. Nd2 Bh6 24. Qxh6 Bxe2 25. Nc3 Qg4 26. Qe3 Bf3 27. Qe1 Nf4 28. Nxf3 Nh3+ 29. Kh2 Rxf3 30. Qg1 0-1

[Event "Lisbon Portugal op"]
[Site "Lisbon"]
[Date "2020.01.31"]
[Round "8"]
[White "Maloberti, David"]
[Black "Grabuzova, Tatiana"]
[Result "1/2-1/2"]
[WhiteElo "2017"]
[BlackElo "2284"]
[PlyCount "79"]
[EventDate "2020.01.25"]
[EventType "swiss"]
[EventRounds "9"]
[EventCountry "POR"]
[SourceTitle "CBM 194"]
[Source "ChessBase"]
[SourceDate "2020.01.27"]
[SourceVersion "1"]
[SourceVersionDate "2020.01.27"]
[SourceQuality "1"]

1. d4 e6 2. c4 f5 3. Nf3 Nf6 4. Nc3 Bb4 5. Qb3 a5 6. a3 a4 7. Qc2 Bxc3+ 8. Qxc3 Ne4 9. Qc2 d6 10. Nd2 Nxd2 11. Bxd2 Nc6 12. Bc3 e5 13. d5 Ne7 14. 0-0-0 0-0 15. e3 Ng6 16. Be2 f4 17. Bd3 fxe3 18. fxe3 Qg5 19. Qd2 Bf5 20. e4 Qxd2+ 21. Bxd2 Bg4 22. Rdf1 Nh4 23. Rhg1 Rxf1+ 24. Bxf1 Rf8 25. Be3 Ng6 26. g3 Ne7 27. Kd2 Nc8 28. Be2 Bxe2 29. Kxe2 Nb6 30. Rc1 Nd7 31. c5 Nf6 32. cxd6 cxd6 33. Rc7 Nxe4 34. Rxb7 Nf6 35. Rb6 Nxd5 36. Rxd6 Nxe3 37. Kxe3 Rb8 38. Rd2 Kf7 39. Ke4 Ke6 40. Rc2 1/2-1/2

[Event "Lisbon Portugal op"]
[Site "Lisbon"]
[Date "2020.01.27"]
[Round "4"]
[White "Maloberti, David"]
[Black "Gahan, MG."]
[Result "0-1"]
[WhiteElo "2017"]
[BlackElo "2245"]
[PlyCount "74"]
[EventDate "2020.01.25"]
[EventType "swiss"]
[EventRounds "9"]
[EventCountry "POR"]
[SourceTitle "CBM 194"]
[Source "ChessBase"]
[SourceDate "2020.01.27"]
[SourceVersion "1"]
[SourceVersionDate "2020.01.27"]
[SourceQuality "1"]

1. d4 Nf6 2. c4 e5 3. dxe5 Ng4 4. Bf4 g5 5. Bg3 Bg7 6. Nf3 Nc6 7. Nc3 Ngxe5 8. Nxe5 Nxe5 9. e3 d6 10. Be2 Be6 11. f4 gxf4 12. Bxf4 Qd7 13. Bxe5 Bxe5 14. Qd2 Rg8 15. g3 0-0-0 16. 0-0-0 Kb8 17. Kb1 c6 18. Rhf1 Qc7 19. Rf2 Qb6 20. Rff1 Qc7 21. Rf2 Qb6 22. Na4 Qc7 23. Nc3 Qa5 24. Ne4 Qb6 25. Nf6 Rg6 26. Nh5 Rd7 27. Nf4 Rf6 28. Rdf1 Bf5+ 29. Bd3 Bg4 30. Bxh7 d5 31. cxd5 cxd5 32. Nxd5 Qb5 33. Rxf6 Bxf6 34. Rxf6 Rxd5 35. a4 Qd7 36. Qb4 Rd1+ 37. Kc2 Rc1+ 0-1

[Event "Lisbon Portugal op"]
[Site "Lisbon"]
[Date "2020.01.26"]
[Round "2"]
[White "Maloberti, David"]
[Black "Alshameary Puente, Ismael"]
[Result "0-1"]
[WhiteElo "2017"]
[BlackElo "2385"]
[PlyCount "134"]
[EventDate "2020.01.25"]
[EventType "swiss"]
[EventRounds "9"]
[EventCountry "POR"]
[SourceTitle "CBM 194"]
[Source "ChessBase"]
[SourceDate "2020.01.27"]
[SourceVersion "1"]
[SourceVersionDate "2020.01.27"]
[SourceQuality "1"]

1. d4 Nf6 2. c4 e6 3. Nf3 Bb4+ 4. Bd2 Qe7 5. a3 Bxd2+ 6. Nbxd2 d6 7. e4 e5 8. d5 0-0 9. Bd3 Nh5 10. g3 Nd7 11. 0-0 Nc5 12. Bc2 Bh3 13. Re1 a5 14. b4 axb4 15. axb4 Na6 16. Qb1 g6 17. Re3 f5 18. Rea3 Rab8 19. Bd3 f4 20. Qb3 Bg4 21. Be2 Rf7 22. c5 fxg3 23. hxg3 dxc5 24. d6 cxd6 25. Bc4 Rbf8 26. b5 Nc7 27. Bxf7+ Rxf7 28. b6 Ne6 29. Qe3 Kg7 30. Nh2 Bh3 31. Ra8 Nd4 32. R1a7 Nc6 33. Ra4 Bd7 34. Nhf3 h6 35. Ra3 Nf6 36. Nh2 Nd4 37. R3a7 Bc6 38. Rc8 Qe6 39. Raa8 Qh3 40. Rc7 Ne6 41. Rxf7+ Kxf7 42. Rc8 Nd4 43. Rc7+ Ke6 44. Nhf3 Nxf3+ 45. Qxf3 c4 46. Qc3 Nxe4 47. Qxc4+ Bd5 48. Qa4 Nf6 49. f3 Qxg3+ 50. Kf1 Qh3+ 51. Kg1 Qg3+ 52. Kf1 Qf4 53. Qa8 Kf5 54. Ke2 Qh2+ 55. Kd3 Qf2 56. Qc8+ Kg5 57. Qh3 h5 58. Re7 Qxb6 59. Qg3+ Kh6 60. Ke2 Qb5+ 61. Ke1 Qb4 62. Rc7 Qb6 63. Rc8 Qe3+ 64. Kd1 Ne4 65. Nxe4 Bxe4 66. Rf8 d5 67. Qh3 Bc2+ 0-1

[Event "Sitges Sunway op 6th"]
[Site "Sitges"]
[Date "2019.12.21"]
[Round "9"]
[White "Maloberti, David"]
[Black "Rosh, Jain"]
[Result "1/2-1/2"]
[WhiteElo "2093"]
[BlackElo "1697"]
[PlyCount "177"]
[EventDate "2019.12.13"]
[EventType "swiss"]
[EventRounds "10"]
[EventCountry "ESP"]
[SourceTitle "CBM 193 Extra"]
[Source "ChessBase"]
[SourceDate "2020.01.31"]
[SourceVersion "1"]
[SourceVersionDate "2020.01.31"]
[SourceQuality "1"]

1. d4 Nf6 2. c4 e6 3. Nf3 d5 4. Nc3 Be7 5. Bg5 Nbd7 6. e3 h6 7. Bf4 a6 8. a4 b6 9. cxd5 exd5 10. Bd3 Bb7 11. 0-0 0-0 12. Ne5 c5 13. Bf5 Rc8 14. Nxd7 Nxd7 15. Bxh6 Bf6 16. Qg4 cxd4 17. exd4 Bc6 18. Be3 Rc7 19. Bf4 Ra7 20. Bd6 Re8 21. Rfe1 Nf8 22. Bxf8 Kxf8 23. Bd3 Rae7 24. Rxe7 Qxe7 25. Bxa6 Qb4 26. Qh5 g6 27. Qh6+ Bg7 28. Qd2 Bxd4 29. g3 Bg7 30. Bd3 Qg4 31. Bb5 Bxb5 32. Nxb5 d4 33. Qd3 Kg8 34. b4 Qe2 35. Qxe2 Rxe2 36. a5 bxa5 37. bxa5 d3 38. Rd1 d2 39. Kf1 Re5 40. Nd6 Rd5 41. Nc4 Rc5 42. Nxd2 Rxa5 43. Ne4 Kf8 44. Rd7 Kg8 45. Kg2 Bb2 46. h4 f6 47. f3 f5 48. Ng5 Bf6 49. Ne6 Ra2+ 50. Kh3 Be5 51. Rd5 Re2 52. Rd7 Re3 53. Rd8+ Kf7 54. Ng5+ Kg7 55. Rd7+ Kg8 56. h5 Bf6 57. Nh7 Be5 58. Ng5 Bf6 59. f4 Bxg5 60. fxg5 gxh5 61. Kh4 Re4+ 62. Kxh5 Re3 63. Ra7 Re6 64. g6 Re1 65. Kg5 Rb1 66. Kxf5 Rf1+ 67. Kg5 Rg1 68. g4 Rb1 69. g7 Rb5+ 70. Kh6 Rb6+ 71. Kh5 Rh6+ 72. Kg5 Rg6+ 73. Kf5 Rb6 74. g5 Rb5+ 75. Kg4 Rb4+ 76. Kh5 Rb6 77. Rd7 Ra6 78. Re7 Rb6 79. Kg4 Rb4+ 80. Kf5 Rb5+ 81. Kf6 Rb6+ 82. Re6 Rxe6+ 83. Kxe6 Kxg7 84. Kf5 Kf7 85. g6+ Kg7 86. Kg5 Kg8 87. Kf6 Kf8 88. g7+ Kg8 89. Kg6 1/2-1/2

[Event "Veliko Gradiste Silver Lake op"]
[Site "Veliko Gradiste"]
[Date "2019.06.16"]
[Round "1"]
[White "Maloberti, David"]
[Black "Lajthajm, Borko"]
[Result "0-1"]
[WhiteElo "2129"]
[BlackElo "2433"]
[PlyCount "78"]
[EventDate "2019.06.16"]
[EventType "swiss"]
[EventRounds "9"]
[EventCountry "SRB"]
[SourceTitle "CBM 191 Extra"]
[Source "ChessBase"]
[SourceDate "2019.09.30"]
[SourceVersion "1"]
[SourceVersionDate "2019.09.30"]
[SourceQuality "1"]

1. d4 Nf6 2. c4 e6 3. Nf3 Bb4+ 4. Nbd2 b6 5. a3 Bxd2+ 6. Bxd2 Bb7 7. Bg5 h6 8. Bxf6 Qxf6 9. e3 d6 10. Bd3 Nd7 11. 0-0 0-0 12. Qe2 e5 13. d5 a5 14. b3 Rfe8 15. Nd2 Bc8 16. b4 axb4 17. Ne4 Qh4 18. axb4 Rxa1 19. Rxa1 f5 20. Nc3 e4 21. Bc2 Ne5 22. Nb5 Bd7 23. Nd4 Rc8 24. Ra7 Qd8 25. f4 exf3 26. gxf3 Qg5+ 27. Kh1 f4 28. e4 Bh3 29. Ra1 Qf6 30. Rd1 Ra8 31. Bb3 Kh8 32. Nb5 Ng6 33. Nxc7 Ra3 34. Qc2 Nh4 35. Nb5 Bg2+ 36. Kg1 Bxf3 37. e5 Qxe5 38. Rb1 Be4 39. Qb2 Bxb1 0-1

[Event "EU-ch 20th"]
[Site "Skopje"]
[Date "2019.03.27"]
[Round "9"]
[White "Saraci, Nderim"]
[Black "Maloberti, David"]
[Result "1/2-1/2"]
[WhiteElo "2391"]
[BlackElo "2113"]
[PlyCount "93"]
[EventDate "2019.03.18"]
[EventType "swiss"]
[EventRounds "11"]
[EventCountry "MKD"]
[SourceTitle "CBM 189"]
[Source "ChessBase"]
[SourceDate "2019.04.29"]
[SourceVersion "1"]
[SourceVersionDate "2019.04.29"]
[SourceQuality "1"]

1. d4 Nf6 2. Bf4 g6 3. Nc3 d5 4. e3 c6 5. Nf3 Bg7 6. Bd3 Qb6 7. a3 Bg4 8. 0-0 0-0 9. Na4 Qd8 10. Be2 Ne4 11. h3 Be6 12. Nd2 Nxd2 13. Qxd2 Nd7 14. Nc3 Nf6 15. Bd3 b5 16. a4 a6 17. Na2 Ne4 18. Qe1 Qd7 19. Nc1 c5 20. axb5 axb5 21. Rxa8 Rxa8 22. f3 g5 23. Be5 f6 24. Bh2 c4 25. fxe4 cxd3 26. exd5 Qxd5 27. Nxd3 Qc4 28. Nc5 Bd5 29. Rf2 Bc6 30. b3 Qd5 31. Qf1 e5 32. c4 bxc4 33. bxc4 Qd6 34. Qb1 Qe7 35. Bg3 exd4 36. exd4 f5 37. Qxf5 Bxd4 38. Ne6 Bxf2+ 39. Bxf2 Ra1+ 40. Kh2 Ra2 41. Kg1 Ra1+ 42. Kh2 Ra2 43. Kg1 Ra1+ 44. Kh2 Rf1 45. Nd4 Qd6+ 46. Bg3 Rxf5 47. Bxd6 1/2-1/2